000 01472nam a2200433 a 4500
001 22999
003 SK-KTurca
005 20260513140138.0
008 240314s2002 xo aba r 1yy0 slo
015 _aSNBA2003/01-00010
020 _a8071456691
035 _aSNK000396815
035 _aurn:nbn:sk:snk-amyb00
035 _aurn:nbn:sk:snk-am00c5t9
035 _aEF88EE78-47C8-43BB-B604-89B00A738ED2
040 _aSNK
_bslo
_cSNK
_eAACR2
041 0 _aslo
044 _axo
_cSK
080 _a940.93
_21981
080 _a930.9"18/19"
_21981
100 1 _aMacDonald, John,
_b1945-
_4aut
240 1 0 _aGreat Battles of World War 2
_lSlovensky
245 1 0 _aVeľké bitky druhej svetovej vojny
_cJohn Macdonald ; predhovor John Hackett ; [z anglického originálu preložil Peter Draškaba, Alžbeta Sopúšková, Svatava Šimková]
250 _a2. slov. vyd.
260 _aBratislava
_bSlovart
_c2002
300 _a192 s.
_bfotogr., mp.
_c32 cm
500 _aIlustr. na front.
500 _aÚdaj o prekl. prevzatý z rubu tit. strany
504 _aBibliogr. s. 188. Reg.
650 0 7 _adruhá svetová vojna (1939-1945)
_2SNK
650 0 7 _abitky svetové
_xdejiny
_2SNK
655 7 _apríručky
_2SNK
700 1 _aHackett, John
_4aui
700 1 _aDraškaba, Peter,
_d1945-
_4trl
700 1 _aSopúšková, Alžbeta
_4trl
700 1 _aŠimková, Svatava,
_d1951-
_4trl
942 _2ddc
_cOLDO
_n0
999 _c22999
_d22999